00636pab a2200205 454500008004000000100002400040245005600064260000900120300001300129362001100142650002100153650001400174650003900188650003100227773003400258908000600292909001000298999001700308952010500325180718b2011 xxu||||| |||| 00| 0 eng d aSriraman, Tarangini aRevisiting welfare: Ration card narratives in India c2011 ap.52-59. a17 Sep aConsumer - India aRationing aPublic distribution system - India aPublic distribution system aEconomic and Political Weekly aN a93147 c93147d93147 00104070aIIPAbIIPAd2018-07-19hVolume no: 46, Issue no: 38pAR93607r2018-07-19w2018-07-19yAR